000 00826nam a2200265 i 4500
001 C2-0322947
003 PPAK
005 20180728121727.0
008 130918s2013 my a|||| ||||| | may d
020 _a9789838865050
040 _aPPAK
_beng
_cPPAK
_erda
082 0 4 _a959.5
_223
090 0 0 _a959.5
_bJOM
_dRK
245 0 0 _aJom baca sejarah bergambar jilid 3
264 1 _aPuchong, Selangor :
_bPenerbitan Nadi Ilmu ,
_c2013
300 _a123 pages :
_bcolour illustrations ;
_c26 cm
336 _2rdacontent
_atext
337 _2rdamedia
_aunmediated
338 _2rdacarrier
_avolume
490 1 _aJom baca sejarah bergambar
650 1 0 _aMalaysia - History - Juvenile literature. ; Malaysia - History - Comic books, strips, etc.
700 _eauthor
830 0 _aJom baca sejarah bergambar
942 _ddc
_cB
999 _c123170
_d123170